<?xml version="1.0" encoding="UTF-8"?>
<collection xmlns="http://www.loc.gov/MARC21/slim">
  <record>
    <leader>00000nam  2200000   4500</leader>
    <controlfield tag="001">INLIS000000000001400</controlfield>
    <controlfield tag="005">20231219031009</controlfield>
    <datafield tag="035" ind1="#" ind2="#">
      <subfield code="a">0010-0718001400</subfield>
    </datafield>
    <controlfield tag="008">231219################g##########0#ind##</controlfield>
    <datafield tag="041" ind1=" " ind2=" ">
      <subfield code="a">id</subfield>
    </datafield>
    <datafield tag="082" ind1="#" ind2="#">
      <subfield code="a">658</subfield>
    </datafield>
    <datafield tag="090" ind1=" " ind2=" ">
      <subfield code="a">658.Ter.p</subfield>
    </datafield>
    <datafield tag="100" ind1=" " ind2="#">
      <subfield code="a">Terry, George R</subfield>
    </datafield>
    <datafield tag="245" ind1="1" ind2="#">
      <subfield code="a">Prinsip-prinsip Manajemen /</subfield>
      <subfield code="c">George R. Terry</subfield>
    </datafield>
    <datafield tag="260" ind1="#" ind2="#">
      <subfield code="a">Jakarta :</subfield>
      <subfield code="b">Bumi Aksara,</subfield>
      <subfield code="c">2014</subfield>
    </datafield>
    <datafield tag="650" ind1=" " ind2="4">
      <subfield code="a">Manajemen</subfield>
    </datafield>
    <datafield tag="084" ind1="#" ind2="#">
      <subfield code="a">658 Ter p</subfield>
    </datafield>
    <datafield tag="250" ind1="#" ind2="#">
      <subfield code="a">ed.1 Cet. 13</subfield>
    </datafield>
    <datafield tag="300" ind1="#" ind2="#">
      <subfield code="a">228 hlm. :</subfield>
      <subfield code="b">ilus ;</subfield>
      <subfield code="c">20 cm</subfield>
    </datafield>
    <datafield tag="520" ind1="#" ind2="#">
      <subfield code="a">Manajemen sebagai suatu kegiatan untuk mencapai tujuan menjadi yang wajib diketahui oleh mereka yang terlibat dalam kepanitiaan, organisasi, atau perusahaan. Prinsip-prinsip manajemen merupakan ilmu dasar manajemen yang perlu dikuasai mahasiswa manajemen sebagai landasan untuk mempelajari ilmu manajemen terapan lainnya. Buku ini mengupas materi-materi pokok, seperti fungsi manajerial, pengambilan keputusan, pembagian tugas, serta gambaran manajemen di negara lain dan menejemen pada masa mendatang. Dengan pembahasan yang lengkap dan komunikatif serta dilengkapi latihan soal, buku ini dapat memandu mahasiswa memahami konsep manajemen secara utuk dan menyeluruh.</subfield>
    </datafield>
    <datafield tag="856" ind1="#" ind2="#">
      <subfield code="a">Perpustakaan Lembaga Administrasi Negara</subfield>
    </datafield>
    <datafield tag="990" ind1="#" ind2="#">
      <subfield code="a">160518360</subfield>
    </datafield>
    <datafield tag="990" ind1="#" ind2="#">
      <subfield code="a">160518361</subfield>
    </datafield>
    <datafield tag="990" ind1="#" ind2="#">
      <subfield code="a">02117127</subfield>
    </datafield>
  </record>
</collection>
